000 00955nam a2200229 a 4500
001 48162
003 BD-RjUL
005 20211209054454.0
008 160813s1992 bg ||||| |||| 00| 0 ben d
020 _c: 125.00
035 _a(BD-RjUL)48281
040 _aBD-RjUL
_bben
_cBD-RjUL
041 _aben
082 _223
_a631.3
_bMOT 1992
100 1 _aমন্ডল, মোঃ নজরুল ইসলাম
_9145913
245 1 0 _aট্রাক্টর ও কৃষিযন্ত্রের ব্যবহার এবং রক্ষনাবেক্ষণ তত্ত্ব /
260 _aবগুড়া :
_bমিসেস আফ্রোজা বুলবুল লায়লা,
_c১৯৯২
300 _a২০৮ পৃ. :
_bচিত্র ;
_c২৫ সেমি.
650 _aকৃষি সরঞ্জাম, যন্ত্রপাতি
_9145914
650 _aAgrcultural tools, machinery
_9145915
942 _2ddc
_cBK
999 _c48162
_d48162